000 00768nam a2200181Ia 4500
008 090124s9999 xx 000 0 und d
082 _b37645
100 _aपंडित नलिनी
245 _a महाराष्ट्रातील राष्ट्रवादाचा विकास
250 _a1
260 _bग्रंथाली अभिनव प्रकाशन
_c1955
300 _a302
600 _aपंडित नलिनी
630 _a महाराष्ट्रातील राष्ट्रवादाचा विकास
700 _aपंडित नलिनी
730 _a महाराष्ट्रातील राष्ट्रवादाचा विकास
942 _cBOOK
999 _c103714
_d103714